[Event "Women's Speed Chess Q2"]
[Site "chess.com INT"]
[Date "2021.05.29"]
[Round "3"]
[White "Assaubayeva, Bibisara"]
[Black "Daulyte-Cornette, Deimante"]
[Result "1-0"]
[WhiteTitle "IM"]
[BlackTitle "IM"]
[WhiteElo "2381"]
[BlackElo "2387"]
[WhiteFideId "13708694"]
[BlackFideId "12802859"]
[EventDate "2021.05.29"]

1. d4 d6 2. e4 Nf6 3. Nc3 e5 4. Nf3 Nbd7 5. Bc4 Be7 6. O-O O-O 7. Re1 a6 8. a4
b6 9. Bg5 Bb7 10. Qd2 c6 11. Rad1 Qc7 12. Nh4 g6 13. Nf3 b5 14. axb5 axb5 15.
Bb3 b4 16. Nb1 c5 17. dxe5 Nxe5 18. Nxe5 dxe5 19. Bxf6 Bxf6 20. Bd5 Rfd8 21. c4
Qe7 22. Qe3 Bg5 23. Qf3 Ra6 24. Nd2 Rf6 25. Qe2 Bc8 26. Nf1 Bd7 27. g3 Ba4 28.
Rd3 Bh6 29. Ra1 Be8 30. Qd1 Rfd6 31. Ra5 Rc8 32. Bxf7+ Bxf7 33. Rxd6 Bxc4 34.
Rd7 Qf6 35. Raa7 Rf8 36. Qc2 Bf7 37. Qxc5 Be6 38. Rd6 Rf7 39. Rxf7 Qxf7 40. Qxe5
Bg7 41. Qxe6 Qxe6 42. Rxe6 1-0

[Event "Women's Speed Chess Q2"]
[Site "chess.com INT"]
[Date "2021.05.29"]
[Round "3"]
[White "Mordido, Kylen Joy"]
[Black "Girya, Olga"]
[Result "0-1"]
[WhiteTitle "WIM"]
[BlackTitle "WGM"]
[WhiteElo "2014"]
[BlackElo "2451"]
[WhiteFideId "5219086"]
[BlackFideId "4195752"]
[EventDate "2021.05.29"]

1. c4 e6 2. d4 d5 3. Nf3 Nf6 4. g3 Bb4+ 5. Bd2 Be7 6. Bg2 O-O 7. O-O Nbd7 8. Nc3
c6 9. Rc1 dxc4 10. e4 b5 11. Qe2 Bb7 12. Rfd1 a6 13. Bf4 Qb6 14. d5 cxd5 15.
exd5 Bc5 16. dxe6 fxe6 17. Ng5 Bxg2 18. Kxg2 e5 19. Be3 Bxe3 20. Qxe3 Qxe3 21.
fxe3 Nc5 22. Rd2 Ng4 23. Re2 Nd3 24. Rf1 Rxf1 25. Kxf1 Rf8+ 26. Kg2 h6 27. Nf3
Nf6 28. Ne1 b4 29. Na4 Ne4 30. Nb6 Nxe1+ 31. Rxe1 Rf2+ 32. Kg1 Rxb2 33. Nxc4
Rxa2 34. Nxe5 b3 35. Rc1 b2 0-1

[Event "Women's Speed Chess Q2"]
[Site "chess.com INT"]
[Date "2021.05.29"]
[Round "3"]
[White "Papp, Petra"]
[Black "Fernandez, Maria Florencia"]
[Result "1-0"]
[WhiteTitle "WGM"]
[BlackTitle "WIM"]
[WhiteElo "2336"]
[BlackElo "2229"]
[WhiteFideId "739049"]
[BlackFideId "116459"]
[EventDate "2021.05.29"]

1. e4 c5 2. Nf3 d6 3. d4 cxd4 4. Nxd4 Nf6 5. Nc3 g6 6. Be3 Bg7 7. f3 O-O 8. Qd2
Nc6 9. Bc4 Bd7 10. O-O-O Rb8 11. Bb3 Na5 12. h4 b5 13. h5 Nc4 14. Bxc4 bxc4 15.
b3 Qa5 16. Kb2 e5 17. Nde2 Be6 18. Bh6 Bxh6 19. Qxh6 Qc5 20. hxg6 fxg6 21. Nd5
Bxd5 22. Rxd5 Qf2 23. Nc3 cxb3 24. axb3 Rbc8 25. Rd2 Qc5 26. Nd5 Kf7 27. Nxf6
Kxf6 28. Qh4+ Ke6 29. Rhd1 Rc6 30. Qxh7 Rf6 31. Qg8+ Ke7 32. Qg7+ Ke6 33. g4
Qc3+ 34. Kb1 d5 35. exd5+ Kd6 36. dxc6+ Kc5 37. Qxf6 Kb4 38. Qd6+ 1-0

[Event "Women's Speed Chess Q2"]
[Site "chess.com INT"]
[Date "2021.05.29"]
[Round "3"]
[White "Soumya, Swaminathan"]
[Black "Selkirk, Rebecca"]
[Result "1-0"]
[WhiteTitle "IM"]
[BlackTitle "WCM"]
[WhiteElo "2351"]
[BlackElo "1799"]
[WhiteFideId "5016193"]
[BlackFideId "14306514"]
[EventDate "2021.05.29"]

1. b3 d5 2. Bb2 c5 3. Nf3 Nc6 4. e3 Bg4 5. Be2 e6 6. h3 Bh5 7. c4 Bxf3 8. Bxf3
d4 9. exd4 cxd4 10. d3 Qa5+ 11. Nd2 Qe5+ 12. Kf1 Nf6 13. Bxc6+ bxc6 14. Nf3 Qc7
15. Bxd4 Be7 16. Qe2 O-O 17. g3 Rfd8 18. Be5 Qa5 19. Kg2 h6 20. g4 Nd7 21. Bg3
Nc5 22. d4 Nd7 23. h4 Nf6 24. g5 hxg5 25. hxg5 Nh7 26. g6 Ng5 27. gxf7+ Kxf7 28.
Ne5+ Ke8 29. Qh5+ g6 30. Qxg6+ Nf7 31. Qxf7# 1-0

[Event "Women's Speed Chess Q2"]
[Site "chess.com INT"]
[Date "2021.05.29"]
[Round "3"]
[White "Obregon Garcia, Roxangel"]
[Black "Kiolbasa, Oliwia"]
[Result "0-1"]
[WhiteTitle "WIM"]
[BlackTitle "WIM"]
[WhiteElo "2167"]
[BlackElo "2255"]
[WhiteFideId "3520420"]
[BlackFideId "1154613"]
[EventDate "2021.05.29"]

1. e4 e5 2. Nf3 Nc6 3. Bc4 Bc5 4. d3 Nf6 5. Bg5 O-O 6. a4 Be7 7. c3 d6 8. O-O
Kh8 9. b4 Ng8 10. Bxe7 Qxe7 11. Qb3 f5 12. Nbd2 fxe4 13. Nxe4 Rxf3 14. gxf3 Bh3
15. Rfe1 Nh6 16. Kh1 Rf8 17. Rg1 Nd8 18. Rg3 Bd7 19. Rag1 Nf5 20. Rg5 c6 21. Nd2
d5 22. Bxd5 cxd5 23. Qxd5 Bc6 24. Qc4 Ne6 25. R5g4 Nf4 26. Ne4 Bd5 27. Qc5 Qxc5
28. bxc5 Nxd3 29. Rd1 Bxe4 0-1

[Event "Women's Speed Chess Q2"]
[Site "chess.com INT"]
[Date "2021.05.29"]
[Round "3"]
[White "Ziegenfuss, Antonia"]
[Black "Ortez, Andrea"]
[Result "1-0"]
[WhiteTitle "WFM"]
[BlackTitle "WIM"]
[WhiteElo "2157"]
[BlackElo "1969"]
[WhiteFideId "12962554"]
[BlackFideId "6702392"]
[EventDate "2021.05.29"]

1. d4 d5 2. c4 e6 3. Nc3 Nf6 4. cxd5 exd5 5. Bg5 c6 6. e3 Be7 7. Bd3 Nbd7 8.
Nge2 O-O 9. Qc2 Re8 10. O-O h6 11. Bh4 Ne4 12. Bxe7 Qxe7 13. Bxe4 dxe4 14. Ng3
Nf6 15. Rae1 Bd7 16. f3 exf3 17. Rxf3 Bg4 18. Rff1 Rad8 19. h3 Be6 20. Qf2 Bc4
21. Nf5 Qe6 22. Qg3 Nh5 23. Qg4 Bxf1 24. Rxf1 Qg6 25. Qf3 Rd7 26. e4 Red8 27. e5
Kh7 28. Kh2 f6 29. e6 Rc7 30. g4 Re8 31. gxh5 Qg5 32. Rg1 Qd2+ 33. Rg2 Qc1 34.
Qg4 1-0

[Event "Women's Speed Chess Q2"]
[Site "chess.com INT"]
[Date "2021.05.29"]
[Round "3"]
[White "Cyfka, Karina"]
[Black "Petrova, Irina"]
[Result "1-0"]
[WhiteTitle "IM"]
[BlackTitle "WIM"]
[WhiteElo "2415"]
[BlackElo "2110"]
[WhiteFideId "1122681"]
[BlackFideId "14124122"]
[EventDate "2021.05.29"]

1. d4 d6 2. e4 Nf6 3. Nc3 e5 4. dxe5 dxe5 5. Qxd8+ Kxd8 6. Bg5 Be6 7. O-O-O+ Nd7
8. f3 c6 9. Nge2 Kc7 10. Kb1 b5 11. Nc1 a5 12. Be3 a4 13. a3 b4 14. axb4 Bxb4
15. N1a2 Rhb8 16. Nxb4 Rxb4 17. Na2 Rb7 18. Bc1 Rab8 19. Be2 Nc5 20. g4 Nfd7 21.
c3 Bb3 22. Nb4 Bxd1 23. Rxd1 a3 24. bxa3 Na4 25. Kc2 Ndc5 26. Be3 f6 27. Bc4 Rd8
28. Rg1 Rbb8 29. g5 Rd7 30. Bb3 Nxb3 31. Na6+ Kc8 32. Nxb8 Kxb8 33. Kxb3 Rd3 34.
Re1 Nxc3 35. Kc4 Rd1 36. Rxd1 Nxd1 37. Bc5 fxg5 38. Bd6+ Kc8 39. Bxe5 Kd7 40.
Bxg7 g4 41. a4 gxf3 42. Kd3 Kc7 43. a5 Nb2+ 44. Bxb2 f2 45. Ke2 Kb7 46. Kxf2 Ka6
47. Bc3 Kb5 48. e5 1-0

[Event "Women's Speed Chess Q2"]
[Site "chess.com INT"]
[Date "2021.05.29"]
[Round "3"]
[White "Nguyen, Thi Mai Hung"]
[Black "Zhai, Mo"]
[Result "0-1"]
[WhiteTitle "WGM"]
[BlackTitle "WGM"]
[WhiteElo "2254"]
[BlackElo "2366"]
[WhiteFideId "12401676"]
[BlackFideId "8600201"]
[EventDate "2021.05.29"]

1. d4 Nf6 2. Nf3 b6 3. e3 Bb7 4. Bd3 g6 5. O-O Bg7 6. b3 O-O 7. Bb2 c5 8. c4 Ne4
9. Qc2 f5 10. d5 Bxb2 11. Qxb2 e6 12. dxe6 dxe6 13. Rd1 Qe7 14. Nc3 Nf6 15. Qe2
Nc6 16. e4 Nd4 17. Nxd4 cxd4 18. exf5 dxc3 19. fxg6 Rae8 20. gxh7+ Kh8 21. Rac1
Qg7 22. g3 Ng4 23. Rf1 Nxh2 24. Be4 Bxe4 25. Qxe4 Nxf1 26. Kxf1 Qxg3 27. Rc2 Qg7
28. Qe3 Rf5 29. Rxc3 Ref8 30. Rc2 Qxh7 0-1

[Event "Women's Speed Chess Q2"]
[Site "chess.com INT"]
[Date "2021.05.29"]
[Round "3"]
[White "Morris-Suzuki, Sophie"]
[Black "Arpita, Mukherjee"]
[Result "0-1"]
[WhiteTitle "WFM"]
[BlackTitle "WIM"]
[WhiteElo "2043"]
[BlackElo "2206"]
[WhiteFideId "30922615"]
[BlackFideId "5056403"]
[EventDate "2021.05.29"]

1. e4 c5 2. Nf3 d6 3. d4 cxd4 4. Nxd4 Nf6 5. Nc3 a6 6. Bc4 e6 7. Bb3 Nbd7 8. f4
Nc5 9. e5 Nfd7 10. O-O Nxb3 11. axb3 dxe5 12. fxe5 Bc5 13. Ne4 Be7 14. Qh5 O-O
15. Ng5 Bxg5 16. Bxg5 Qb6 17. Be3 Qc7 18. Bf4 b5 19. Rf3 Bb7 20. Rh3 Be4 21. Re1
Bg6 22. Qg5 Rfd8 23. c3 Nc5 24. Ree3 b4 25. Rhg3 bxc3 26. bxc3 Qa5 27. h4 Qa1+
28. Kh2 h5 29. b4 Na4 30. Nc6 Rd1 31. Ne7+ Kh7 32. Rgf3 Rh1+ 33. Kg3 Qg1 34.
Nxg6 fxg6 35. Qe7 Nb2 36. Bg5 Nd1 37. Bf6 Qh2# 0-1

[Event "Women's Speed Chess Q2"]
[Site "chess.com INT"]
[Date "2021.05.29"]
[Round "3"]
[White "Bodnaruk, Anastasia"]
[Black "Franco Valencia, Angela"]
[Result "1/2-1/2"]
[WhiteTitle "IM"]
[BlackTitle "WIM"]
[WhiteElo "2457"]
[BlackElo "2089"]
[WhiteFideId "4181751"]
[BlackFideId "4403070"]
[EventDate "2021.05.29"]

1. e4 e5 2. Nf3 Nc6 3. Bb5 a6 4. Ba4 d6 5. d4 b5 6. Bb3 exd4 7. Bd5 Bb7 8. Nxd4
Qd7 9. O-O Nf6 10. Re1 Be7 11. Nc3 O-O 12. Nxc6 Bxc6 13. Bxc6 Qxc6 14. Nd5 Nxd5
15. exd5 Qd7 16. c3 Rfe8 17. a4 Bf6 18. Be3 Qf5 19. axb5 axb5 20. Rxa8 Rxa8 21.
Qb3 Qd3 22. Rd1 Qc4 23. Qxc4 bxc4 24. f4 Ra2 25. Rd2 Kf8 26. Kf2 Ke7 27. Kf3 Kd7
28. Ke4 c6 29. Bd4 Bxd4 30. Kxd4 c5+ 31. Ke4 Ra1 32. g4 Rg1 33. g5 g6 34. Kf3
Re1 35. Re2 Rb1 36. Ke4 Ke7 37. f5 gxf5+ 38. Kxf5+ Kf8 39. h4 Rf1+ 40. Kg4 Kg7
41. Re4 Rf2 42. Rxc4 Rxb2 43. Re4 Rd2 44. c4 Rg2+ 45. Kf5 Rf2+ 46. Rf4 Re2 47.
h5 Re5+ 48. Kg4 Re1 49. h6+ Kf8 50. Kf5 Rc1 51. Kf6 Rc2 52. Kf5 Rc1 53. Kf6 Rc3
54. Kf5 Rc1 1/2-1/2

[Event "Women's Speed Chess Q2"]
[Site "chess.com INT"]
[Date "2021.05.29"]
[Round "3"]
[White "Sviridova, Vlada"]
[Black "Gu, Xiaobing"]
[Result "1-0"]
[WhiteTitle "WFM"]
[BlackTitle "WGM"]
[WhiteElo "2144"]
[BlackElo "2263"]
[WhiteFideId "24109606"]
[BlackFideId "8602611"]
[EventDate "2021.05.29"]

1. d4 Nf6 2. c4 g6 3. Nc3 Bg7 4. e4 d6 5. Nf3 O-O 6. Be2 e5 7. O-O exd4 8. Nxd4
Re8 9. f3 Nc6 10. Be3 Nh5 11. Nxc6 bxc6 12. Qd2 c5 13. Rac1 f5 14. Bg5 Bd4+ 15.
Kh1 Qd7 16. Nb5 Qg7 17. Nxd4 cxd4 18. exf5 gxf5 19. Bd3 Bd7 20. c5 Kh8 21. cxd6
cxd6 22. Rc7 Rg8 23. Bh6 Qe7 24. Re1 Qf7 25. Bc4 d5 26. Bb3 Rac8 27. Qxd4+ Nf6
28. Rxc8 Bxc8 29. Bxd5 Qg6 30. Bxg8 Qxh6 31. Bc4 Kg7 32. Re7+ Kg6 33. h4 Qc1+
34. Kh2 Qh6 35. Bf7+ Kg7 36. Bh5+ Kf8 37. Qd8+ Ne8 38. Qxe8# 1-0

[Event "Women's Speed Chess Q2"]
[Site "chess.com INT"]
[Date "2021.05.29"]
[Round "3"]
[White "Narva, Mai"]
[Black "Pandey, Srishti"]
[Result "1-0"]
[WhiteTitle "WIM"]
[BlackTitle "WFM"]
[WhiteElo "2276"]
[BlackElo "2026"]
[WhiteFideId "4500512"]
[BlackFideId "35093290"]
[EventDate "2021.05.29"]

1. e4 e6 2. d4 d5 3. Nd2 Nc6 4. Ngf3 Nf6 5. e5 Nd7 6. Bd3 f6 7. exf6 Qxf6 8. c3
Bd6 9. Nf1 h6 10. Ne3 O-O 11. O-O Qf7 12. Bc2 Nf6 13. Qd3 Qh5 14. h3 Ne4 15. Ng4
Bd7 16. c4 Nb4 17. Qd1 Nxc2 18. Qxc2 Be8 19. c5 Bf4 20. Bxf4 Rxf4 21. Nfe5 Bb5
22. Rfe1 Raf8 23. a4 Be8 24. Rf1 Ng5 25. Qd3 Ne4 26. b4 Qg5 27. f3 Nf6 28. b5
Nxg4 29. hxg4 Qf6 30. Rfe1 g5 31. a5 Kg7 32. b6 axb6 33. axb6 cxb6 34. cxb6 Bg6
35. Qd2 Be8 36. Ra7 Qe7 37. Rc1 Kg8 38. Rc7 Qd6 39. Raxb7 Qa3 40. Rg7+ Kh8 41.
Rh7+ Kg8 42. Rbg7# 1-0

[Event "Women's Speed Chess Q2"]
[Site "chess.com INT"]
[Date "2021.05.29"]
[Round "3"]
[White "Dordzhieva, Dinara"]
[Black "Klinova, Masha"]
[Result "1-0"]
[WhiteTitle "WGM"]
[BlackTitle "IM"]
[WhiteElo "2334"]
[BlackElo "2275"]
[WhiteFideId "24157570"]
[BlackFideId "2802015"]
[EventDate "2021.05.29"]

1. Nf3 g6 2. c4 Bg7 3. d4 d6 4. g3 Nf6 5. Bg2 O-O 6. Nc3 c6 7. O-O Bf5 8. Nh4
Be6 9. b3 d5 10. c5 Qc8 11. Nf3 Bh3 12. Re1 Bxg2 13. Kxg2 Nbd7 14. Qd3 Re8 15.
Bf4 h6 16. b4 Nh5 17. Be5 Nxe5 18. dxe5 Qe6 19. e4 d4 20. Qxd4 Rad8 21. Qe3 Bxe5
22. Nxe5 Qxe5 23. Rad1 Nf6 24. f4 Qe6 25. h3 Qc4 26. a3 Kg7 27. Kf3 e5 28. fxe5
Nd7 29. Kg2 Nxe5 30. Rf1 Rxd1 31. Rxd1 Re7 32. Ne2 Qa2 33. Rf1 Nc4 34. Qf2 Kg8
35. Kg1 Ne5 36. Qf6 Qe6 37. Qf4 Qxh3 38. Nd4 Ng4 39. Nf3 h5 40. e5 h4 41. gxh4 1-0

[Event "Women's Speed Chess Q2"]
[Site "chess.com INT"]
[Date "2021.05.29"]
[Round "3"]
[White "Nurmanova, Alua"]
[Black "Dauletova, Gulmira"]
[Result "1-0"]
[WhiteTitle "WFM"]
[BlackTitle "WGM"]
[WhiteElo "2008"]
[BlackElo "2285"]
[WhiteFideId "13729390"]
[BlackFideId "13702971"]
[EventDate "2021.05.29"]

1. e4 e5 2. Nf3 Nc6 3. Bb5 a6 4. Ba4 Nf6 5. O-O Be7 6. Re1 b5 7. Bb3 d6 8. c3
O-O 9. h3 Na5 10. Bc2 c5 11. d4 Nd7 12. Nbd2 exd4 13. cxd4 Nc6 14. Nf1 cxd4 15.
Nxd4 Nxd4 16. Qxd4 Ne5 17. Ng3 Bxh3 18. f4 Nc6 19. Qf2 Bd7 20. f5 Bf6 21. Nh5
Bd4 22. Be3 Bxb2 23. Rad1 Be5 24. Bf4 f6 25. Bb3+ Kh8 26. Bxe5 Nxe5 27. Rxd6 Qe7
28. Red1 Bc6 29. Qd4 Rac8 30. Be6 Rb8 31. Nf4 Qb7 32. Kf2 a5 33. Qxe5 g5 34.
Ng6+ hxg6 35. Qh2+ Kg7 36. Rd7+ Bxd7 37. Rxd7+ Qxd7 38. Bxd7 b4 39. fxg6 Rh8 40.
Qc7 a4 41. Bf5+ Kh6 42. g7 Rhg8 43. Be6 1-0

[Event "Women's Speed Chess Q2"]
[Site "chess.com INT"]
[Date "2021.05.29"]
[Round "3"]
[White "Purtseladze, Maka"]
[Black "Buksa, Nataliya"]
[Result "0-1"]
[WhiteTitle "IM"]
[BlackTitle "IM"]
[WhiteElo "2274"]
[BlackElo "2414"]
[WhiteFideId "13602659"]
[BlackFideId "14123622"]
[EventDate "2021.05.29"]

1. b3 e5 2. Bb2 Nc6 3. e3 g6 4. Bb5 Bg7 5. Nf3 d6 6. Bxc6+ bxc6 7. d4 e4 8. Nfd2
Qe7 9. Nc3 f5 10. Ne2 Nf6 11. c4 O-O 12. Nf4 g5 13. Nh5 Nxh5 14. Qxh5 f4 15.
O-O-O a5 16. a4 fxe3 17. fxe3 Bf5 18. Rdf1 Bg6 19. Qg4 h5 20. Qg3 Kh7 21. Rxf8
Rxf8 22. Rf1 Rxf1+ 23. Nxf1 Qf8 24. Qe1 h4 25. Bc3 c5 26. Kb2 cxd4 27. Bxd4 c5
28. Bxg7 Qxg7+ 29. Qc3 Qf7 30. Nd2 Qf2 31. Kc1 Qxg2 32. Qxa5 Qg1+ 33. Kc2 Qxe3
34. Qc7+ Kh6 35. Qxd6 Qf2 36. Kc1 e3 37. Ne4 Qg1+ 38. Kb2 Qg2+ 39. Ka3 Qxe4 40.
a5 e2 41. Qf8+ Kh5 42. Qh8+ Kg4 43. Qc3 e1=Q 44. Qxe1 Qxe1 0-1

[Event "Women's Speed Chess Q2"]
[Site "chess.com INT"]
[Date "2021.05.29"]
[Round "3"]
[White "Li, Xueyi"]
[Black "Khalafova, Narmin"]
[Result "1-0"]
[WhiteTitle "WGM"]
[BlackTitle "WGM"]
[WhiteElo "2328"]
[BlackElo "2279"]
[WhiteFideId "8605912"]
[BlackFideId "13402625"]
[EventDate "2021.05.29"]

1. d4 d5 2. Nf3 Nf6 3. g3 Bf5 4. Bg2 h6 5. c4 c6 6. Nc3 e6 7. Qb3 Qb6 8. c5 Qc7
9. Bf4 Qc8 10. O-O Be7 11. h3 Nbd7 12. g4 Bh7 13. Nd2 b6 14. cxb6 axb6 15. Rac1
Qa6 16. e4 O-O 17. e5 Ne8 18. Qd1 f6 19. exf6 Nexf6 20. Bg3 c5 21. Nf3 Ne4 22.
Bh2 Kh8 23. Ne5 cxd4 24. Nxd7 dxc3 25. Nxf8 cxb2 26. Nxh7 bxc1=Q 27. Qxc1 Kxh7
28. Qb1 Qc4 29. f3 Bc5+ 30. Kh1 Rf8 31. fxe4 Rxf1+ 32. Qxf1 Qxf1+ 33. Bxf1 dxe4
34. Be5 Kg6 35. Kg2 Kf7 36. Bc4 g5 37. Kf1 Kg6 38. Ke2 h5 39. a4 hxg4 40. hxg4
Kf7 41. Bb3 Ke7 42. Bc4 Kd7 43. Bf6 Be7 44. Bxe7 Kxe7 45. Ke3 Kd6 46. Kxe4 Kc5
47. Bxe6 b5 48. axb5 Kxb5 49. Kf5 1-0

[Event "Women's Speed Chess Q2"]
[Site "chess.com INT"]
[Date "2021.05.29"]
[Round "3"]
[White "Perez Rodriguez, Jennifer"]
[Black "Antonova, Nadezhda"]
[Result "1-0"]
[WhiteTitle "WIM"]
[BlackTitle "WFM"]
[WhiteElo "2251"]
[BlackElo "1877"]
[WhiteFideId "3507831"]
[BlackFideId "14700182"]
[EventDate "2021.05.29"]

1. e4 c5 2. c3 d6 3. d4 Nf6 4. Bd3 Nbd7 5. Nf3 g6 6. O-O Bg7 7. Re1 O-O 8. Bg5
Qc7 9. Nbd2 e5 10. dxe5 Nxe5 11. Nxe5 dxe5 12. Nc4 Rd8 13. Qc2 Be6 14. Ne3 h6
15. Bh4 c4 16. Bf1 b5 17. a4 a6 18. axb5 axb5 19. f3 Rxa1 20. Rxa1 g5 21. Bf2
Nd7 22. Nd5 Bxd5 23. exd5 Nc5 24. Rd1 Rd6 25. Qd2 Nb3 26. Qe3 Qd8 27. Qe4 Qd7
28. g4 Qd8 29. Bg3 Qb6+ 30. Bf2 Qa5 31. h4 f6 32. hxg5 hxg5 33. Qf5 Qd8 34. Qe4
Qd7 35. Bxc4 bxc4 36. Qxc4 Na5 37. Qc5 Nb7 38. Qc4 Bf8 39. b4 Kf7 40. Qd3 Qa4
41. Rd2 Qa1+ 42. Kg2 Qa4 43. Qh7+ Bg7 44. Qd3 Qb3 45. Qc2 Qc4 46. Qd3 Qb3 47.
Bc5 Rd7 48. c4 Qc3 49. Qxc3 1-0

[Event "Women's Speed Chess Q2"]
[Site "chess.com INT"]
[Date "2021.05.29"]
[Round "3"]
[White "Starosta, Martyna"]
[Black "Adam, Ernestina"]
[Result "1/2-1/2"]
[WhiteTitle "WCM"]
[BlackTitle "WCM"]
[WhiteElo "1910"]
[BlackElo "1354"]
[WhiteFideId "21818754"]
[BlackFideId "165883"]
[EventDate "2021.05.29"]

1. e4 c6 2. d4 d5 3. Nc3 dxe4 4. Nxe4 Bf5 5. Ng3 Bg6 6. h4 h6 7. Nf3 Nd7 8. h5
Bh7 9. Bd3 Bxd3 10. Qxd3 Ngf6 11. Bd2 Qc7 12. O-O-O e6 13. Ne4 Nxe4 14. Qxe4 Nf6
15. Qe2 O-O-O 16. g3 Bd6 17. Ne5 c5 18. Bf4 Nd5 19. dxc5 Bxc5 20. Rxd5 Rxd5 21.
Ng6 Qd8 22. Nxh8 Qxh8 23. Rd1 Qd8 24. Rxd5 Qxd5 25. Qe5 Qxe5 26. Bxe5 f6 27. Bc3
Bxf2 28. g4 Kd7 29. Kd1 b6 30. Ke2 Bc5 31. Kf3 Kd6 32. b4 Bg1 33. Ke4 Bh2 34.
Bd4 Bg3 35. c4 Be1 36. a3 Kc6 37. g5 hxg5 38. h6 gxh6 39. Bxf6 g4 40. Be5 g3 41.
Kf3 h5 42. Bxg3 Bxg3 43. Kxg3 Kd6 44. Kf4 e5+ 45. Kg5 e4 46. Kf4 a5 47. Kxe4
axb4 48. axb4 h4 49. Kf4 h3 50. Kg3 h2 51. Kxh2 Ke5 52. c5 bxc5 53. bxc5 Kd5 54.
Kg2 Kxc5 1/2-1/2

[Event "Women's Speed Chess Q2"]
[Site "chess.com INT"]
[Date "2021.05.29"]
[Round "3"]
[White "Nguyen, Thi Thanh An"]
[Black "Kanyamarala, Trisha"]
[Result "1-0"]
[WhiteTitle "WGM"]
[BlackTitle "WIM"]
[WhiteElo "2259"]
[BlackElo "2180"]
[WhiteFideId "12400300"]
[BlackFideId "45004722"]
[EventDate "2021.05.29"]

1. d4 Nf6 2. Bf4 e6 3. e3 d5 4. Nf3 c5 5. c3 Nc6 6. Nbd2 Bd6 7. Ne5 Qc7 8. Ndf3
O-O 9. Bd3 Ne4 10. Qc2 f6 11. Nxc6 Bxf4 12. exf4 Qxc6 13. dxc5 Bd7 14. Nd4 Qc7
15. Bxe4 dxe4 16. Qxe4 Qxc5 17. O-O Rae8 18. Qxb7 Bc8 19. Qc6 Qa5 20. b4 Qh5 21.
Qf3 Qg6 22. Rac1 e5 23. f5 Qg5 24. Ne6 Bxe6 25. fxe6 Rxe6 26. Qd5 Re8 27. c4 Kh8
28. c5 R6e7 29. c6 Qf5 30. b5 Qc8 31. a4 Qc7 32. Qc5 h6 33. Rfd1 Rd8 34. Rxd8+
Qxd8 35. c7 Qc8 36. a5 Rd7 37. b6 axb6 38. axb6 Kh7 39. h3 Rd2 40. Qc6 1-0

[Event "Women's Speed Chess Q2"]
[Site "chess.com INT"]
[Date "2021.05.29"]
[Round "3"]
[White "Dworakowska, Joanna"]
[Black "Samaganova, Alexandra"]
[Result "0-1"]
[WhiteTitle "IM"]
[BlackTitle "WFM"]
[WhiteElo "2322"]
[BlackElo "1993"]
[WhiteFideId "1107445"]
[BlackFideId "13800221"]
[EventDate "2021.05.29"]

1. e4 c5 2. Nf3 e6 3. d4 cxd4 4. Nxd4 a6 5. g3 Qc7 6. Bg2 Nf6 7. O-O Nc6 8. Re1
Be7 9. Nxc6 dxc6 10. e5 Nd7 11. Qg4 g6 12. Qe2 b5 13. Bh6 Bb7 14. Nd2 O-O-O 15.
c4 Nc5 16. cxb5 axb5 17. Rec1 Nd3 18. Rc3 Nb4 19. Rac1 Kb8 20. a3 Nd5 21. R3c2
Qb6 22. Nb3 Rd7 23. h4 Rhd8 24. Qe1 Rc8 25. Kh2 c5 26. Na5 c4 27. Nxb7 Kxb7 28.
b3 Bxa3 29. bxc4 Bxc1 30. Rxc1 Rxc4 31. Rb1 Kc8 32. Qe2 Rdc7 33. Bxd5 exd5 34.
Qf3 Qe6 35. Bf4 R4c5 36. Be3 Rc3 37. Rxb5 d4 38. Bxd4 Rxf3 39. Ra5 Rc1 40. Kg2
Rb3 41. Be3 Qc6+ 42. Kh3 h5 43. Bxc1 Qxc1 44. Ra8+ Kb7 0-1

[Event "Women's Speed Chess Q2"]
[Site "chess.com INT"]
[Date "2021.05.29"]
[Round "3"]
[White "Rakshitta, Ravi"]
[Black "Ambartsumova, Karina"]
[Result "0-1"]
[WhiteTitle "WIM"]
[BlackTitle "IM"]
[WhiteElo "2190"]
[BlackElo "2382"]
[WhiteFideId "25073230"]
[BlackFideId "4166299"]
[EventDate "2021.05.29"]

1. e4 c5 2. Nf3 e6 3. d4 cxd4 4. Nxd4 a6 5. Nc3 Qc7 6. g3 Nc6 7. Bg2 Nf6 8. O-O
h5 9. Re1 Nxd4 10. Qxd4 Bc5 11. Qd3 Ng4 12. Re2 d6 13. h3 Ne5 14. Qd1 b5 15. Kh2
Bb7 16. f4 Ng6 17. Be3 Bxe3 18. Rxe3 h4 19. Qf3 hxg3+ 20. Qxg3 Qe7 21. Nd5 Qd8
22. f5 Ne5 23. Qxg7 Qh4 24. fxe6 Bxd5 25. exd5 O-O-O 26. Rxe5 Qf4+ 27. Kh1 Qxe5
28. Qxf7 Kb8 29. Qf2 Kb7 30. Re1 Qg7 31. a4 Rdf8 32. Qe2 Qxb2 33. axb5 axb5 34.
e7 Re8 35. Qe6 Qc3 36. Qd7+ Kb6 37. Ra1 Qxa1+ 38. Kh2 Qe5+ 39. Kh1 Qe1+ 40. Kh2
Qe5+ 41. Kh1 Qxe7 42. Qc6+ Ka7 43. Qxb5 Qb7 44. Qa4+ Kb8 45. c4 Re1+ 46. Kh2 Qb6
47. Qd7 Qg1+ 48. Kg3 Rg8+ 49. Kh4 Qf2+ 50. Kh5 Re5+ 51. Kh6 Qf6+ 52. Kh7 Qg6# 0-1

[Event "Women's Speed Chess Q2"]
[Site "chess.com INT"]
[Date "2021.05.29"]
[Round "3"]
[White "Socko, Monika"]
[Black "Arakhamia-Grant, Ketevan"]
[Result "1-0"]
[WhiteTitle "GM"]
[BlackTitle "GM"]
[WhiteElo "2421"]
[BlackElo "2380"]
[WhiteFideId "1106619"]
[BlackFideId "13600168"]
[EventDate "2021.05.29"]

1. d4 Nf6 2. c4 g6 3. Nf3 Bg7 4. g3 O-O 5. Bg2 d6 6. O-O Nc6 7. Nc3 e5 8. d5 Ne7
9. e4 Ne8 10. Ne1 f5 11. Nd3 Nf6 12. Bg5 h6 13. Bxf6 Bxf6 14. c5 Bg7 15. Rc1 a6
16. Qc2 f4 17. f3 g5 18. g4 Ng6 19. b4 Rf7 20. b5 axb5 21. Nxb5 Bf8 22. cxd6
cxd6 23. Nc7 Ra3 24. Ne6 Qb6+ 25. Nf2 Bxe6 26. dxe6 Re7 27. Qc4 Nh4 28. Rb1 Qa7
29. Rfc1 Rxa2 30. Rc2 Ra3 31. Qc8 Nxf3+ 32. Bxf3 Rxf3 33. Kg2 Ra3 34. Rbb2 Qe3
35. Rc1 f3+ 36. Kg1 b5 37. Rbc2 b4 38. Rc7 Ra2 39. Rf1 Rxc7 40. Qxc7 Ra7 41. Qb8
b3 42. h3 Kg7 43. Rd1 Ra2 44. Qb7+ Kh8 45. Rf1 b2 46. Qf7 Ra8 47. e7 Bxe7 48.
Qxe7 Ra1 49. Qf6+ Kg8 50. Qd8+ Kf7 51. Qd7+ 1-0